К вопросу о механизме окисления каменного угля и причинах его самовозгорания: статья 7-я; Известия Томского индустриального института [Известия ТИИ]; Т. 60, вып. 2-3

Bibliografiske detaljer
Parent link:Известия Томского индустриального института [Известия ТИИ]/ Томский индустриальный институт (ТИИ).— , 1934-1944
Т. 60, вып. 2-3.— 1940
Hovedforfatter: Тронов Б. В. Борис Владимирович
Andre forfattere: Григорьев М. Ю.
Summary:Заглавие с титульного листа
Электронная версия печатной публикации
Sprog:russisk
Udgivet: 1940
Fag:
Online adgang:Черно-белая версия для предварительного просмотра
Цветная версия без потери качества
Format: MixedMaterials Electronisk Book Chapter
KOHA link:https://koha.lib.tpu.ru/cgi-bin/koha/opac-detail.pl?biblionumber=182370

MARC

LEADER 00000nla2a2200000 4500
001 182370
005 20231031171303.0
035 |a (RuTPU)RU\TPU\book\197705 
035 |a RU\TPU\book\197704 
090 |a 182370 
100 |a 20100620d1940 k y0rusy50 ca 
101 0 |a rus 
102 |a RU 
135 |a drnn ---uucaa 
181 0 |a i  
182 0 |a b 
200 1 |a К вопросу о механизме окисления каменного угля и причинах его самовозгорания  |b Электронный ресурс  |e статья 7-я  |f Б. В. Тронов, М. Ю. Григорьев 
203 |a Текст  |c электронный 
215 |a 2 файла (222 Кб, 5.2 Мб) 
230 |a Электронные текстовые данные (2 файла : 222 Кб, 5.2 Мб) 
300 |a Заглавие с титульного листа 
300 |a Электронная версия печатной публикации 
320 |a [Библиогр.: 15 назв.] 
337 |a Adobe Reader 
461 1 |0 (RuTPU)RU\TPU\book\197248  |t Известия Томского индустриального института [Известия ТИИ]  |f Томский индустриальный институт (ТИИ)  |d 1934-1944 
463 1 |0 (RuTPU)RU\TPU\book\197690  |t Т. 60, вып. 2-3  |d 1940  |p 352 с. 
610 1 |a электронный ресурс 
610 1 |a труды учёных ТПУ 
700 1 |a Тронов  |b Б. В.  |c российский химик-органик  |c профессор ТТИ-ТПИ  |f 1891-1968  |g Борис Владимирович  |2 stltpush  |3 (RuTPU)RU\TPU\pers\21918 
701 1 |a Григорьев  |b М. Ю. 
801 1 |a RU  |b 63413507  |c 20090320  |g PSBO 
801 2 |a RU  |b 63413507  |c 20111025  |g PSBO 
856 4 |u http://www.lib.tpu.ru/fulltext/v/Bulletin_TPU/1939-1940/v60/a25_bw.pdf  |z Черно-белая версия для предварительного просмотра 
856 4 |u http://www.lib.tpu.ru/fulltext/v/Bulletin_TPU/1939-1940/v60/a25_full.pdf  |z Цветная версия без потери качества 
942 |c CF